[Event "36th Reykjavik op"]
[Site "Reykjavik ISL"]
[Date "2023.04.01"]
[Round "5.120"]
[White "Rempe, Jonas"]
[Black "Eriksen, Leander"]
[WhiteElo "1887"]
[BlackElo "1637"]
[Result "1-0"]
[EventDate "2023.03.29"]
[PlyCount "53"]

1. e4 e5 2. Nf3 Nc6 3. Bb5 a6 4. Ba4 Nf6 5. Nc3 b5 6. Bb3 Bc5 7. d3 h6 8. O-O d6
9. Nd5 Bg4 10. c3 Na5 11. Bc2 Nxd5 12. exd5 Bb6 13. b4 Nb7 14. h3 h5 15. d4 exd4
16. hxg4 hxg4 17. Bg5 f6 18. Nxd4 Kf7 19. Be3 Bxd4 20. Qxd4 Rh4 21. g3 Rh3 22. Rfe1
Qh8 23. Kf1 Rxg3 24. fxg3 Qh2 25. Bf2 Rh8 26. Be4 f5 27. Bg2  1-0

[Event "36th Reykjavik op"]
[Site "Reykjavik ISL"]
[Date "2023.04.01"]
[Round "5.121"]
[White "Bajoghli, Navid"]
[Black "Miettinen, Teemu"]
[WhiteElo "1598"]
[BlackElo "1884"]
[Result "1-0"]
[EventDate "2023.03.29"]
[PlyCount "129"]

1. d4 Nf6 2. c4 c5 3. d5 g6 4. Nc3 Bg7 5. g3 d6 6. Bg2 O-O 7. Nf3 Na6 8. O-O Nc7
9. e4 Rb8 10. Qc2 b5 11. cxb5 Nxb5 12. Nxb5 Rxb5 13. Bd2 Ne8 14. Bc3 e6 15. Bxg7
Nxg7 16. Nd2 exd5 17. exd5 Nf5 18. Ne4 Nd4 19. Qd2 f5 20. Nc3 Rb4 21. Rfe1 Qf6 22.
Rab1 Ba6 23. Qe3 Rb7 24. Bf1 Bxf1 25. Kxf1 Rbf7 26. Rbc1 h5 27. f4 h4 28. Ne2 hxg3
29. hxg3 Nb5 30. Nc3 Nd4 31. Ne2 Nb5 32. Nc3 Nc7 33. Kg2 Rh7 34. Rh1 Re8 35. Qf2
Rxh1 36. Kxh1 Re7 37. Kg2 Qd4 38. Re1 Rxe1 39. Qxe1 Kf7 40. Qf1 Nxd5 41. Qa6 Ne3+
42. Kf3 Ng4 43. Qe2 c4 44. Kg2 a6 45. Nb1 d5 46. b3 c3 47. Na3 Qc5 48. Nc2 a5 49.
Ne1 Ne3+ 50. Kf3 d4 51. Qa6 c2 52. Nxc2 Nxc2 53. Qb7+ Kf6 54. Qa6+ Kg7 55. Qb7+ Kh6
56. Qb8 Qc3+ 57. Kg2 Ne3+ 58. Kh3 Kg7 59. Qb7+ Kf8 60. Qb8+ Ke7 61. Qb7+ Kd6 62.
Qg7 Kc5 63. Qe7+ Kb6 64. Qd6+ Kb5 65. a4#  1-0

[Event "36th Reykjavik op"]
[Site "Reykjavik ISL"]
[Date "2023.04.01"]
[Round "5.122"]
[White "Skarphedinsson, Ingvar Wu"]
[Black "Lien, Sebastian"]
[WhiteElo "1882"]
[BlackElo "1618"]
[Result "1/2-1/2"]
[EventDate "2023.03.29"]
[PlyCount "70"]

1. d4 Nf6 2. c4 e6 3. g3 d5 4. Bg2 c6 5. Nf3 Bd6 6. O-O Nbd7 7. Qc2 O-O 8. Nbd2 Re8
9. e4 Nxe4 10. Nxe4 dxe4 11. Qxe4 e5 12. Bg5 f6 13. Bd2 exd4 14. Qxd4 Be5 15. Nxe5
Nxe5 16. Qc3 Bh3 17. Bxh3 Qxd2 18. Qxd2 Nf3+ 19. Kg2 Nxd2 20. Rfe1 Kf7 21. b3 Ne4
22. Bd7 Re7 23. Bf5 Rae8 24. Bxe4 Rxe4 25. Rxe4 Rxe4 26. Rd1 Ke7 27. Kf3 f5 28. Rd3
h6 29. Re3 Rxe3+ 30. Kxe3 c5 31. Kf4 Ke6 32. h4 g6 33. Ke3 Ke5 34. f4+ Kf6 35. Kf2
Ke6  1/2-1/2

[Event "36th Reykjavik op"]
[Site "Reykjavik ISL"]
[Date "2023.04.01"]
[Round "5.123"]
[White "Hauksson, Helgi"]
[Black "Arnalds, Stefan"]
[WhiteElo "1637"]
[BlackElo "1873"]
[Result "1-0"]
[EventDate "2023.03.29"]
[PlyCount "67"]

1. d4 Nf6 2. c4 e6 3. Nc3 Bb4 4. Nf3 c5 5. g3 cxd4 6. Nxd4 Ne4 7. Qc2 Nxc3 8. bxc3
Be7 9. Bg2 O-O 10. O-O Qc7 11. Be4 h6 12. Be3 f5 13. Bf4 Qxc4 14. Bd3 Qc5 15. Rab1
a6 16. Rfd1 e5 17. Nb3 Qc7 18. Bxh6 gxh6 19. Bxf5 Bf6 20. Qe4 d5 21. Qg4+ Kh8 22.
Rxd5 Bxf5 23. Qxf5 Bg7 24. Qg4 Qf7 25. Rbd1 Qxf2+ 26. Kh1 b5 27. Rd8 Qf6 28. R8d6
Qf7 29. Nd2 Ra7 30. Nf3 Re7 31. Nh4 Qxa2 32. Ng6+ Kg8 33. Nxe7+ Kh7 34. Qe4+  1-0

[Event "36th Reykjavik op"]
[Site "Reykjavik ISL"]
[Date "2023.04.01"]
[Round "5.124"]
[White "Van Meter, Lester"]
[Black "Adams, George"]
[WhiteElo "1872"]
[BlackElo "1604"]
[Result "1/2-1/2"]
[EventDate "2023.03.29"]
[PlyCount "73"]

1. d4 Nf6 2. Nf3 e6 3. c4 Bb4+ 4. Bd2 c5 5. Bxb4 cxb4 6. a3 Qe7 7. g3 b6 8. Bg2 Bb7
9. O-O O-O 10. Nbd2 Na6 11. e4 d6 12. Qa4 bxa3 13. Rxa3 Nd7 14. b4 e5 15. b5 Nc7
16. Qc2 Rfc8 17. Qa2 a5 18. d5 Nc5 19. Nh4 g6 20. Qb1 Rf8 21. Qe1 Bc8 22. f4 f6 23.
f5 g5 24. Nhf3 h5 25. h3 Kf7 26. Nh2 Ke8 27. Qe2 Qh7 28. Rf2 Bd7 29. Nhf1 Kd8 30.
Ne3 Kc8 31. Nd1 Ne8 32. Nb2 Kc7 33. Nb1 Rg8 34. Nc3 Ng7 35. Qf1 g4 36. h4 Rgd8 37.
Nb1  1/2-1/2

[Event "36th Reykjavik op"]
[Site "Reykjavik ISL"]
[Date "2023.04.01"]
[Round "5.125"]
[White "Harnett, Robert J"]
[Black "Saliba, Karl"]
[WhiteElo "1861"]
[BlackElo "1570"]
[Result "1-0"]
[EventDate "2023.03.29"]
[PlyCount "39"]

1. c4 e6 2. g3 d5 3. Bg2 d4 4. d3 Bb4+ 5. Nd2 Ne7 6. a3 Bxd2+ 7. Bxd2 a5 8. b4 axb4
9. axb4 Rxa1 10. Qxa1 Na6 11. Nf3 c5 12. b5 Nb8 13. O-O Nd7 14. Qa7 b6 15. Bf4 Ng6
16. Bc7 Qe7 17. Bxb6 Nxb6 18. Qxb6 Bb7 19. Ra1 O-O 20. Ra7  1-0

[Event "36th Reykjavik op"]
[Site "Reykjavik ISL"]
[Date "2023.04.01"]
[Round "5.126"]
[White "Danielsson, Grimur"]
[Black "Fouassier, Paul"]
[WhiteElo "1570"]
[BlackElo "1848"]
[Result "0-1"]
[EventDate "2023.03.29"]
[PlyCount "96"]

1. c4 d6 2. d4 e5 3. dxe5 dxe5 4. Qxd8+ Kxd8 5. Nc3 Be6 6. e4 c6 7. Be3 Kc7 8. O-O-O
Nd7 9. f4 f6 10. f5 Bf7 11. a3 g6 12. g4 gxf5 13. gxf5 Bh6 14. Bxh6 Nxh6 15. h3 a5
16. b3 Rhg8 17. Nge2 Bh5 18. Rd2 Nc5 19. Kb2 Bf3 20. Rh2 Bxe4 21. b4 axb4 22. axb4
Na4+ 23. Nxa4 Rxa4 24. Kb3 Ra1 25. Nc3 Rxf1 26. Nxe4 Nxf5 27. Kb2 Nd4 28. Rhg2 Rxg2
29. Rxg2 Ne6 30. c5 Rf4 31. Rg4 f5 32. Rxf4 Nxf4 33. Nd6 Nxh3 34. Nxf5 Nf4 35. Kc3
Nd5+ 36. Kc4 e4 37. b5 e3 38. b6+ Kd7 39. Kd3 e2 40. Kxe2 Nf4+ 41. Kd2 Ne6 42. Kc3
Nxc5 43. Kb4 Ne4 44. Nh6 Nd6 45. Kc5 Ke6 46. Kd4 Nf5+ 47. Nxf5 Kxf5 48. Kc5 Ke6  0-1

[Event "36th Reykjavik op"]
[Site "Reykjavik ISL"]
[Date "2023.04.01"]
[Round "5.127"]
[White "Notkin, Akiva"]
[Black "Heller, Stefan"]
[WhiteElo "1846"]
[BlackElo "1451"]
[Result "1-0"]
[EventDate "2023.03.29"]
[PlyCount "93"]

1. c4 e6 2. Nf3 d5 3. e3 Nf6 4. b3 Be7 5. Bb2 c5 6. Be2 Nbd7 7. Nc3 O-O 8. O-O b6
9. cxd5 Nxd5 10. Nxd5 exd5 11. d4 Nf6 12. Ne5 Bd6 13. Rc1 Bxe5 14. dxe5 Ne8 15. f4
Kh8 16. Bf3 Bb7 17. Rf2 Rb8 18. Rd2 Nc7 19. Qe1 Qe7 20. Qg3 f6 21. Re1 f5 22. Red1
Rbd8 23. h4 Qe6 24. h5 h6 25. Qh4 b5 26. e4 d4 27. exf5 Qa6 28. Bxb7 Qxb7 29. e6
Nd5 30. b4 Rde8 31. bxc5 Ne3 32. Re1 Nxf5 33. Qf2 Qd5 34. Bxd4 Nxd4 35. Qxd4 Qxh5
36. c6 Qh4 37. Re4 Qe7 38. Qd6 Qf6 39. c7 Qf5 40. Rde2 Rf6 41. Qc6 Rc8 42. Qc2 Rg6
43. e7 Qd7 44. e8=Q+ Rxe8 45. Rxe8+ Kh7 46. c8=Q Qd4+ 47. Rf2  1-0

[Event "36th Reykjavik op"]
[Site "Reykjavik ISL"]
[Date "2023.04.01"]
[Round "5.128"]
[White "Shadrina, Eva"]
[Black "Thorsteinsson, Thorsteinn"]
[WhiteElo "1563"]
[BlackElo "1844"]
[Result "1/2-1/2"]
[EventDate "2023.03.29"]
[PlyCount "101"]

1. e4 c6 2. d4 d5 3. Nc3 dxe4 4. Nxe4 Nf6 5. Nxf6+ exf6 6. c3 Bd6 7. Bd3 O-O 8. Ne2
Re8 9. Be3 Nd7 10. Qc2 Nf8 11. O-O-O b5 12. d5 c5 13. Bxb5 Bd7 14. Bxd7 Nxd7 15.
c4 Qa5 16. Rd3 Ne5 17. Ra3 Qb4 18. Ra4 Qb6 19. Nc3 a6 20. Ne4 Ng4 21. Nxd6 Nxe3 22.
fxe3 Qxd6 23. Qf2 Re4 24. g3 Rae8 25. Re1 Qd7 26. b3 Qd6 27. Kc2 g6 28. Kd3 f5 29.
Ra5 f6 30. Ra4 R8e5 31. a3 g5 32. b4 Qb6 33. Qg1 Kf7 34. Qf2 Kf8 35. Qf3 g4 36. Qf2
Rxc4 37. Kxc4 Qb5+ 38. Kb3 c4+ 39. Kc3 Qxa4 40. Kxc4 Qb5+ 41. Kc3 Rxd5 42. Qe2 Qa4
43. Kb2 a5 44. Qc2 Qb5 45. Qc3 Kf7 46. Rc1 Kg6 47. Qc4 Rd2+ 48. Kb1 Qe5 49. Qg8+
Kh6 50. Qf8+ Kg6 51. Qg8+  1/2-1/2

[Event "36th Reykjavik op"]
[Site "Reykjavik ISL"]
[Date "2023.04.01"]
[Round "5.129"]
[White "Dorweiler, Roger Paul"]
[Black "Smarason, Kristjan Ingi"]
[WhiteElo "1843"]
[BlackElo "1469"]
[Result "1-0"]
[EventDate "2023.03.29"]
[PlyCount "65"]

1. d4 Nf6 2. c4 g6 3. Nc3 Bg7 4. e4 d6 5. f4 O-O 6. Nf3 c5 7. d5 e6 8. Qc2 exd5 9.
cxd5 Re8 10. Be2 Bg4 11. O-O Nbd7 12. h3 Bxf3 13. Bxf3 a6 14. a4 Rb8 15. a5 h5 16.
Be3 Qc7 17. Rfe1 Rbd8 18. Bf2 Re7 19. Qd2 Qb8 20. Re2 Nh7 21. Rae1 Rde8 22. Bh4 Nhf6
23. g4 hxg4 24. hxg4 Bh8 25. Bg3 Nh7 26. Rh2 Bd4+ 27. Kg2 Kg7 28. f5 g5 29. Reh1
Rh8 30. Rxh7+ Rxh7 31. Qxg5+ Kh8 32. Rxh7+ Kxh7 33. Qxe7  1-0

[Event "36th Reykjavik op"]
[Site "Reykjavik ISL"]
[Date "2023.04.01"]
[Round "5.132"]
[White "Kjartansson, Dagur"]
[Black "Brynjarsson, Oervar Holm"]
[WhiteElo "1835"]
[BlackElo "1262"]
[Result "1-0"]
[EventDate "2023.03.29"]
[PlyCount "115"]

1. Nf3 e6 2. c4 Nf6 3. d4 Bb4+ 4. Bd2 Qe7 5. a3 Bxd2+ 6. Nbxd2 d6 7. e4 e5 8. d5
Bg4 9. Be2 Nbd7 10. O-O Nc5 11. Qc2 O-O 12. b4 Ncd7 13. Nb3 b6 14. Rfc1 Rac8 15.
c5 dxc5 16. bxc5 Nxc5 17. Nxc5 bxc5 18. Ba6 Rcd8 19. Nd2 c6 20. dxc6 Qd6 21. Nb3
Qxc6 22. Nxc5 Rd4 23. f3 Be6 24. Qe2 Qd6 25. Rc2 Rd8 26. Rac1 h6 27. Nxe6 Qxe6 28.
Rc8 Qb6 29. Kh1 Kh7 30. Rxd8 Qxd8 31. Qe3 Qb6 32. Qe2 Ra4 33. Bc4 Qb7 34. Qa2 Kg6
35. g3 Qe7 36. Rc2 Rxa3 37. Bxf7+ Kh7 38. Qe6 Rxf3 39. Kg2 Qxe6 40. Bxe6 Rd3 41.
Bf5+ Kg8 42. Rc8+ Kf7 43. Rc7+ Kf8 44. Rxa7 g5 45. Ra5 Rd2+ 46. Kf3 Rxh2 47. Rxe5
g4+ 48. Ke3 Rg2 49. Re6 Rxg3+ 50. Kf4 Rf3+ 51. Ke5 Nd7+ 52. Kd4 Rg3 53. Rxh6 Ke8
54. Ra6 Rd3+ 55. Kc4 Rd1 56. Re6+ Kf7 57. Bxg4 Nf6 58. Rxf6+  1-0

[Event "36th Reykjavik op"]
[Site "Reykjavik ISL"]
[Date "2023.04.01"]
[Round "5.133"]
[White "Han, Oron"]
[Black "Oberschilp, Friedrich"]
[WhiteElo "1496"]
[BlackElo "1827"]
[Result "0-1"]
[EventDate "2023.03.29"]
[PlyCount "115"]

1. e4 c5 2. Nc3 d6 3. d4 cxd4 4. Qxd4 a6 5. b3 Nc6 6. Qd2 g6 7. Bb2 Bg7 8. O-O-O
b5 9. f4 Bb7 10. Nf3 Rc8 11. Kb1 Nf6 12. Bd3 Nd7 13. h4 Nb4 14. a3 Nxd3 15. Qxd3
Rg8 16. Nd5 Bxb2 17. Kxb2 Bxd5 18. exd5 Nf6 19. Rhe1 Qc7 20. Qe2 Kf8 21. Rd3 Kg7
22. g4 Qc5 23. Qd2 Nxg4 24. Rxe7 Rge8 25. Rxe8 Rxe8 26. Rc3 Qa7 27. Rc6 Nf6 28. Qd4
Qxd4+ 29. Nxd4 Re4 30. c3 Nxd5 31. Rxd6 Nxf4 32. Rxa6 Ne6 33. Nxb5 Rxh4 34. a4 h5
35. a5 Rh2+ 36. Ka3 h4 37. Rd6 Rh1 38. a6 h3 39. Kb4 h2 40. Rd2 Ra1 41. Rxh2 Rxa6
42. c4 g5 43. Kc3 g4 44. Nd4 Kg6 45. Nxe6 Rxe6 46. b4 f5 47. c5 f4 48. b5 f3 49.
c6 g3 50. Rh8 f2 51. c7 f1=Q 52. c8=Q Qc1+ 53. Kd3 Re3+ 54. Kd4 Qd2+ 55. Kc5 Rc3+
56. Kb6 Rxc8 57. Rxc8 Qd5 58. Rc5  0-1

[Event "36th Reykjavik op"]
[Site "Reykjavik ISL"]
[Date "2023.04.01"]
[Round "5.138"]
[White "Heidarsson, Arnar Milutin"]
[Black "Omarsson, Josef"]
[WhiteElo "2075"]
[BlackElo "1693"]
[Result "1-0"]
[EventDate "2023.03.29"]
[PlyCount "89"]

1. d4 Nf6 2. c4 g6 3. Nc3 Bg7 4. Nf3 O-O 5. Bg5 h6 6. Bh4 d6 7. e3 g5 8. Bg3 Nh5
9. Qc2 Na6 10. Be2 c5 11. Nxg5 hxg5 12. Bxh5 cxd4 13. exd4 Bxd4 14. Qd2 e5 15. Nb5
Bc5 16. O-O-O f5 17. Bxe5 Be6 18. Bxd6 Bxd6 19. Qxd6 Qxd6 20. Nxd6 g4 21. Rhe1 Rf6
22. Rxe6 Rxe6 23. Bf7+ Kg7 24. Bxe6 Nb4 25. a3 Nc6 26. Bd5 Rb8 27. Bxc6 bxc6 28.
Nxf5+ Kf6 29. Ne3 Kg5 30. Rd4 c5 31. Rxg4+ Kh5 32. Rf4 a5 33. Rf5+ Kg6 34. h4 Re8
35. h5+ Kh6 36. g4 Re6 37. Rxc5 a4 38. b4 axb3 39. Kb2 Re7 40. Nf5+ Kh7 41. Nxe7
Kh8 42. Rg5 Kh7 43. Rg6 Kh8 44. Nd5 Kh7 45. Nf6+  1-0

[Event "36th Reykjavik op"]
[Site "Reykjavik ISL"]
[Date "2023.04.01"]
[Round "5.139"]
[White "Hetland, Even"]
[Black "Zhou, Lepu Coco"]
[WhiteElo "1680"]
[BlackElo "2034"]
[Result "1/2-1/2"]
[EventDate "2023.03.29"]
[PlyCount "109"]

1. d4 d5 2. c4 e6 3. Nc3 c6 4. Nf3 Nf6 5. Bg5 Be7 6. e3 O-O 7. Bd3 dxc4 8. Bxc4 Nd5
9. Bxe7 Qxe7 10. Rc1 Nd7 11. O-O Nxc3 12. Rxc3 e5 13. Nxe5 Nxe5 14. dxe5 Qxe5 15.
Qb3 Bf5 16. Rd1 b5 17. Bd3 Bg4 18. Rdc1 Bd7 19. Rc5 Qe7 20. Qc2 g6 21. Be4 Rac8 22.
a3 Rc7 23. h3 Rfc8 24. Bd3 a6 25. a4 Rb7 26. Qc3 Rcb8 27. a5 Rd8 28. b4 Be8 29. Be2
Rbd7 30. Rc2 Rd6 31. Qe5 Re6 32. Qc3 Red6 33. Qe5 Qh4 34. Bf3 Qxb4 35. Bxc6 Bxc6
36. Rxc6 Rxc6 37. Rxc6 Qxa5 38. Qf6 Qd2 39. Rxa6 b4 40. Ra7 Rf8 41. Rb7 b3 42. Qb6
Qe1+ 43. Kh2 Qxf2 44. Qxb3 Qf6 45. Kg1 Qa1+ 46. Kf2 Qf6+ 47. Kg1 Qe5 48. Kf2 h5 49.
Rb5 Qf6+ 50. Kg1 Qd8 51. Rb6 Kh7 52. Rb7 Qf6 53. Rb8 Rxb8 54. Qxb8 Qe6 55. Qf4  1/2-1/2

[Event "36th Reykjavik op"]
[Site "Reykjavik ISL"]
[Date "2023.04.01"]
[Round "5.140"]
[White "Verweij, Kees"]
[Black "Kjartansson, Matthias Bjoergvin"]
[WhiteElo "2010"]
[BlackElo "1689"]
[Result "1/2-1/2"]
[EventDate "2023.03.29"]
[PlyCount "72"]

1. d4 Nf6 2. c4 e6 3. Nc3 d5 4. cxd5 exd5 5. Bg5 c6 6. e3 Bd6 7. Bd3 O-O 8. Qc2 h6
9. Bh4 Re8 10. Nge2 a5 11. O-O Bxh2+ 12. Kh1 Bd6 13. Bf5 Bxf5 14. Qxf5 Nbd7 15. Bg3
Bxg3 16. Nxg3 Qc7 17. Rac1 Nb6 18. Qf3 Nc4 19. Rc2 Qd7 20. Nf5 Kh7 21. Ng3 Nd6 22.
Re2 Re7 23. Na4 Qc7 24. Rc2 Nfe4 25. Nxe4 Nxe4 26. Nc3 Rd8 27. Nxe4 Rxe4 28. g3 Rd6
29. Kg2 Rf6 30. Qe2 Qe7 31. Rh1 Rfe6 32. Qh5 Rg6 33. Qf5 Kg8 34. Qc8+ Kh7 35. Qf5
Kg8 36. Qc8+ Kh7  1/2-1/2

[Event "36th Reykjavik op"]
[Site "Reykjavik ISL"]
[Date "2023.04.01"]
[Round "5.141"]
[White "Helgadottir, Idunn"]
[Black "Alashtar, Aasef"]
[WhiteElo "1636"]
[BlackElo "2007"]
[Result "0-1"]
[EventDate "2023.03.29"]
[PlyCount "96"]

1. d4 d5 2. Nf3 c6 3. e3 Nf6 4. Bd3 Bg4 5. Nbd2 Nbd7 6. O-O e5 7. dxe5 Nxe5 8. Be2
Ng6 9. b3 Bd6 10. Bb2 O-O 11. c4 Qe7 12. Rc1 Rad8 13. Nd4 Bc8 14. Qc2 Ne4 15. Bd3
f5 16. cxd5 cxd5 17. f3 Ng3 18. Rfe1 Qh4 19. f4 Ne4 20. N2f3 Qe7 21. Nb5 Bb4 22.
Re2 a6 23. Nc3 Be6 24. Qd1 Bc5 25. Nd4 Nxf4 26. Rec2 Qg5 27. Nxe4 dxe4 28. exf4 Bxd4+
29. Bxd4 Qxf4 30. Bf1 e3 31. Rc7 Rxd4 32. Qe1 Rd7 33. R7c3 Qf2+ 34. Qxf2 exf2+ 35.
Kxf2 Rd2+ 36. Kg1 Rxa2 37. Rc7 Bd5 38. Rd1 Bc6 39. Re1 Be4 40. Rd1 Rc2 41. Re7 Bc6
42. Rde1 Rd2 43. Rc1 f4 44. h3 f3 45. g3 Rfd8 46. Bc4+ Kh8 47. Bf1 h6 48. Ree1 f2+
 0-1

[Event "36th Reykjavik op"]
[Site "Reykjavik ISL"]
[Date "2023.04.01"]
[Round "5.142"]
[White "Hausken, Andreas Skrede"]
[Black "Andersson, Christer"]
[WhiteElo "1987"]
[BlackElo "1659"]
[Result "0-1"]
[EventDate "2023.03.29"]
[PlyCount "72"]

1. e4 e5 2. Nf3 Nc6 3. Bb5 a6 4. Ba4 Nf6 5. O-O Be7 6. Re1 b5 7. Bb3 O-O 8. a4 Bb7
9. d3 d6 10. Bd2 Nb8 11. Nc3 c6 12. Ne2 Nbd7 13. c3 c5 14. Ng3 Rc8 15. axb5 axb5
16. d4 c4 17. Bc2 g6 18. Bh6 Re8 19. Qe2 Ng4 20. Bd2 Bf8 21. h3 Ngf6 22. b3 d5 23.
bxc4 dxe4 24. Nxe5 Nxe5 25. dxe5 Rxe5 26. cxb5 e3 27. Bxe3 Qd5 28. Qf1 Rxc3 29. Red1
Qe6 30. Bd3 Rxe3 31. fxe3 Bc5 32. Ne2 Qxe3+ 33. Kh2 Bd6+ 34. g3 Ng4+ 35. hxg4 Qh6+
36. Kg1 Bc5+  0-1

[Event "36th Reykjavik op"]
[Site "Reykjavik ISL"]
[Date "2023.04.01"]
[Round "5.143"]
[White "Schrodt, Sebastian"]
[Black "Vander Zwalmen, Miranda"]
[WhiteElo "1972"]
[BlackElo "1625"]
[Result "1-0"]
[EventDate "2023.03.29"]
[PlyCount "53"]

1. Nf3 c5 2. g3 Nf6 3. c4 Nc6 4. Bg2 e6 5. O-O d5 6. b3 Be7 7. Bb2 O-O 8. e3 dxc4
9. bxc4 Qc7 10. Nc3 Rd8 11. Qe2 Rb8 12. Rfd1 e5 13. Nb5 Qb6 14. Nxe5 a6 15. Nxc6
bxc6 16. Bxf6 Bxf6 17. Nc3 Bf5 18. e4 Re8 19. Rab1 Qc7 20. Rxb8 Qxb8 21. Rb1 Qc7
22. Qh5 Be6 23. Qxc5 Rd8 24. Nd5 Bxd5 25. cxd5 Be7 26. Qxc6 Qxc6 27. dxc6  1-0

[Event "36th Reykjavik op"]
[Site "Reykjavik ISL"]
[Date "2023.04.01"]
[Round "5.144"]
[White "Dasgupta, Avyukt"]
[Black "Lopez Garcia, Carlos"]
[WhiteElo "1896"]
[BlackElo "1616"]
[Result "1-0"]
[EventDate "2023.03.29"]
[PlyCount "108"]

1. b3 e5 2. Bb2 Nc6 3. c4 Nf6 4. Nf3 e4 5. Nd4 Bc5 6. Nxc6 dxc6 7. e3 Bf5 8. Nc3
Qe7 9. Qc2 O-O-O 10. O-O-O Qd6 11. f3 Rhe8 12. g4 Bg6 13. f4 Nxg4 14. Bh3 h5 15.
Ne2 Kb8 16. Bxg4 hxg4 17. Ng3 Qe7 18. f5 Bh7 19. Bxg7 f6 20. Bh6 Ba3+ 21. Kb1 Rd3
22. Ne2 Red8 23. Nf4 R3d7 24. Ne6 Rh8 25. Qxe4 Bxf5 26. Qxf5 Rxh6 27. Qxg4 Qh7+ 28.
e4 a5 29. h4 Ka7 30. h5 Rd3 31. Qe2 Qd7 32. Kc2 Rd6 33. Qe3+ b6 34. Qxh6 Rxe6 35.
Qe3 f5 36. e5 f4 37. Qe4 Bb4 38. h6 Re8 39. h7 Rh8 40. e6 Qg7 41. Rdg1 Qf6 42. Rg6
Qe7 43. Rg8 Qd6 44. Qd3 Qe5 45. Rxh8 Qxh8 46. e7 Bxe7 47. Qc3 Bf6 48. Qxf6 Qxf6 49.
h8=Q Qg6+ 50. Kb2 Qg2 51. Rh2 Qg1 52. Rh7 b5 53. Rxc7+ Kb6 54. Qb8+ Kc5  1-0

[Event "36th Reykjavik op"]
[Site "Reykjavik ISL"]
[Date "2023.04.01"]
[Round "5.145"]
[White "Banerjee, Sanjoy K"]
[Black "Dishman, Matthew"]
[WhiteElo "1566"]
[BlackElo "1896"]
[Result "0-1"]
[EventDate "2023.03.29"]
[PlyCount "54"]

1. d4 d5 2. c4 e6 3. Nf3 c6 4. Nc3 dxc4 5. e4 b5 6. a3 Nf6 7. Bg5 Be7 8. Be2 Bb7
9. O-O Nbd7 10. Qd2 h6 11. Bf4 a5 12. e5 Nd5 13. Ne4 g5 14. Bg3 Qb6 15. Nd6+ Bxd6
16. exd6 c5 17. Nxg5 hxg5 18. Qxg5 Qd8 19. Qg7 Qf6 20. Qg4 Qxd4 21. Qg5 Qf6 22. Qd2
N7b6 23. Bf3 Kd7 24. Rae1 Rhg8 25. Re5 c3 26. Qe2 Nc4 27. Rxd5 Bxd5  0-1

[Event "36th Reykjavik op"]
[Site "Reykjavik ISL"]
[Date "2023.04.01"]
[Round "5.146"]
[White "Heidarsson, Mikael Bjarki"]
[Black "Omarsson, Adam"]
[WhiteElo "1591"]
[BlackElo "1890"]
[Result "1-0"]
[EventDate "2023.03.29"]
[PlyCount "161"]

1. d4 Nf6 2. c4 g6 3. Nc3 Bg7 4. e4 d6 5. Be2 O-O 6. Bg5 h6 7. Be3 e5 8. d5 c6 9.
h4 cxd5 10. cxd5 Na6 11. h5 g5 12. g4 Nc7 13. f3 Bd7 14. Nh3 Nh7 15. Nf2 Nf6 16.
Kf1 Qe7 17. Kg2 Rfc8 18. Qd2 Nfe8 19. Rhc1 b5 20. b3 a5 21. a4 b4 22. Ncd1 Rcb8 23.
Nb2 Bc8 24. Nc4 Ra6 25. Ra2 Bf6 26. Rac2 Qd7 27. Nh1 Bd8 28. Ng3 Ng7 29. Qe1 Bb7
30. Qf2 Nce8 31. Nb6 Bxb6 32. Bxb6 Raa8 33. Bb5 Qe7 34. Ba7 Rc8 35. Rxc8 Bxc8 36.
Bb6 Kh7 37. Rc2 Bb7 38. Qg1 Bc8 39. Qc1 Bd7 40. Rc7 Nxc7 41. Qxc7 Rc8 42. Qxd7 Rc2+
43. Kf1 Qxd7 44. Bxd7 Rc3 45. Ke2 Rxb3 46. Nf1 Ra3 47. Bxa5 b3 48. Bb5 b2 49. Nd2
Ra1 50. Bd3 Rxa4 51. Bc3 Kg8 52. Bxb2 Kf8 53. Nc4 Ke7 54. Ba3 Ne8 55. Kd2 f6 56.
Kc3 Ra8 57. Bc2 Ra7 58. Kb4 Rb7+ 59. Ka5 Rc7 60. Kb5 Rb7+ 61. Ka4 Rc7 62. Bb3 Ra7+
63. Na5 Ra8 64. Bc4 Nc7 65. Bb4 Kd7 66. Bb5+ Ke7 67. Bc6 Ra7 68. Kb3 Na6 69. Kc4
Nxb4 70. Kxb4 Rc7 71. Kb5 Rc8 72. Kb6 Rd8 73. Nc4 Rb8+ 74. Bb7 Kd7 75. Ne3 Rd8 76.
Bc6+ Kc8 77. Nf5 Kb8 78. Nxh6 f5 79. Nxf5 Rf8 80. h6 Rh8 81. Bd7  1-0

[Event "36th Reykjavik op"]
[Site "Reykjavik ISL"]
[Date "2023.04.01"]
[Round "5.147"]
[White "Krassel, Timofei"]
[Black "Texe, Eirik"]
[WhiteElo "1880"]
[BlackElo "1592"]
[Result "1-0"]
[EventDate "2023.03.29"]
[PlyCount "75"]

1. d4 Nf6 2. c4 g6 3. Nc3 d5 4. Nf3 Bg7 5. h4 h6 6. cxd5 Nxd5 7. e4 Nxc3 8. bxc3
c5 9. Be2 cxd4 10. cxd4 Nc6 11. Be3 Bg4 12. d5 Bxf3 13. gxf3 Ne5 14. f4 Nd7 15. Bd4
Qa5+ 16. Kf1 Nf6 17. h5 Rd8 18. Qd3 g5 19. Rg1 Kf8 20. fxg5 hxg5 21. Rxg5 Bh6 22.
Rf5 Qc7 23. Be5 Qb6 24. d6 Rxd6 25. Bxd6 Qxd6 26. Qxd6 exd6 27. f3 Ke7 28. Rb1 b6
29. Kf2 Rc8 30. a4 Rc5 31. Rxc5 dxc5 32. a5 Nxh5 33. Rxb6 axb6 34. a6 c4 35. a7 c3
36. Bd1 Nf4 37. a8=Q Nd3+ 38. Kf1  1-0

[Event "36th Reykjavik op"]
[Site "Reykjavik ISL"]
[Date "2023.04.01"]
[Round "5.148"]
[White "Briem, Gudrun Fanney"]
[Black "Cuvelier, Annelies"]
[WhiteElo "1503"]
[BlackElo "1875"]
[Result "1-0"]
[EventDate "2023.03.29"]
[PlyCount "53"]

1. d4 d5 2. Nf3 Nf6 3. e3 c6 4. b3 Bg4 5. Be2 Nbd7 6. Nbd2 e6 7. Bb2 Ne4 8. O-O f5
9. c4 Be7 10. Ne5 Nxe5 11. dxe5 Bxe2 12. Qxe2 Nxd2 13. Qxd2 dxc4 14. Qc3 cxb3 15.
Qxb3 Kf7 16. e4 Qb6 17. Qc2 g6 18. Rab1 Qc5 19. Qe2 fxe4 20. Qxe4 Rhd8 21. Rfd1 Rxd1+
22. Rxd1 Rd8 23. Rxd8 Bxd8 24. g3 a6 25. Qf3+ Kg7 26. Ba3 Qxe5 27. Qf8#  1-0

[Event "36th Reykjavik op"]
[Site "Reykjavik ISL"]
[Date "2023.04.01"]
[Round "5.149"]
[White "Haraldsson, Sigurjon"]
[Black "Lien, Benjamin"]
[WhiteElo "1864"]
[BlackElo "1495"]
[Result "0-1"]
[EventDate "2023.03.29"]
[PlyCount "36"]

1. e4 e5 2. Nf3 Nc6 3. d4 exd4 4. Bc4 Nf6 5. e5 d5 6. exf6 dxc4 7. fxg7 Bxg7 8. O-O
Be6 9. Ng5 Qd7 10. Nxe6 fxe6 11. Qh5+ Qf7 12. Qb5 O-O-O 13. Qxc4 Rhg8 14. f4 Qg6
15. Qe2 d3 16. cxd3 Rxd3 17. f5 exf5 18. Qxd3 Bd4+  0-1

[Event "36th Reykjavik op"]
[Site "Reykjavik ISL"]
[Date "2023.04.01"]
[Round "5.150"]
[White "DebMisra, Ariv"]
[Black "Kreutner, Maximilian"]
[WhiteElo "1457"]
[BlackElo "1860"]
[Result "0-1"]
[EventDate "2023.03.29"]
[PlyCount "68"]

1. e4 e5 2. Nf3 Nc6 3. d4 exd4 4. Bc4 Nf6 5. e5 d5 6. Bb5 Ne4 7. Nxd4 Bd7 8. Bxc6
bxc6 9. O-O Bc5 10. c3 Bb6 11. Be3 Qe7 12. f4 O-O-O 13. a4 a5 14. b4 axb4 15. a5
Ba7 16. Qe2 Bxd4 17. Bxd4 c5 18. Be3 c4 19. cxb4 Qxb4 20. Nd2 Nxd2 21. Bxd2 Qc5+
22. Be3 d4 23. Bf2 Bb5 24. Rfb1 c6 25. Qg4+ Kc7 26. Qxg7 Qd5 27. e6 Qxe6 28. Bxd4
Rhg8 29. Bb6+ Kb7 30. Qb2 Rd3 31. Re1 Qd5 32. Re7+ Kc8 33. Qe2 c5 34. Re5 Qd4+  0-1

[Event "36th Reykjavik op"]
[Site "Reykjavik ISL"]
[Date "2023.04.01"]
[Round "5.151"]
[White "Seshadri, Sridhar"]
[Black "Jonsson, Olafur Gisli"]
[WhiteElo "1445"]
[BlackElo "1817"]
[Result "1/2-1/2"]
[EventDate "2023.03.29"]
[PlyCount "79"]

1. c4 Nf6 2. Nc3 c5 3. e4 Nc6 4. d3 d6 5. h3 e6 6. Bg5 Be7 7. Nge2 O-O 8. g3 h6 9.
Bxf6 Bxf6 10. Bg2 a6 11. a4 Bd7 12. O-O Qc7 13. f4 Rad8 14. Kh2 Nb4 15. b3 Bc6 16.
Rc1 b6 17. f5 Qb7 18. fxe6 fxe6 19. Nf4 Rfe8 20. Nh5 Be5 21. Qe2 Rf8 22. Nf4 Bxf4
23. gxf4 d5 24. exd5 exd5 25. Qe6+ Kh8 26. cxd5 Nxd5 27. Be4 Rf6 28. Qe5 Nxc3 29.
Bxc6 Qxc6 30. Rxc3 Re8 31. Qh5 Rg6 32. Rc2 Re3 33. Qf5 Reg3 34. Rff2 Rg1 35. Qe4
Qd7 36. Rg2 R6xg2+ 37. Rxg2 Rd1 38. Qa8+ Kh7 39. Qe4+ Kh8 40. Qa8+  1/2-1/2